000 00798nam a2200229Ia 4500
003 GCL
008 140319s9999 xx 000 0 ara d
040 _aGCL /
_cGCL
082 0 4 _a953.02
_bم ت
100 1 _aمحمد جمال الدين سرور
245 1 0 _aتاريخ الحضارة الاسلامية فى الشرق من عهد نفوذ الاتراك الى منتصف القرن الخامس الهجرى /
_cمحمد جمال الدين سرور
260 _a[S.N] :
_bدار الفكر العربى
300 _a284 ص
490 _a
650 0 4 _aتاريخ
650 0 4 _aالاسلام
650 0 4 _aالنظام السياسى
650 0 4 _aالحضارة الاسلامية
650 0 4 _aالنظام الادارى
650 0 4 _aالبويهيون
942 _2ddc
_cBK
999 _c32525
_d32525